LDR 00913naa#a2200229#i#450# 001 EN\\bibl\123622 005 20260608023845.1 011 ## _a2076-0655 100 ## _a20260529b2026####ek#y0engy0150####ca 101 0# _aRUS 102 ## _aRU 200 1# _aINVESTIGATION OF CORROSION RESISTANCE OF COMPOSITE CEMENTS WITH A COMPLEX ZEOLITE MODIFIER _eJournal article 210 1# _aMoscow _cIndividual Entrepreneur Svetlana Vasilievna Samchenko _d2026 215 ## _a11 с. 608 ## _aJournal article _2local 675 ## _aПрочие цементы и смеси цементов. 666.949 _aЦементы. Вяжущие вещества, содержащие пуццоланы. 691.54 _zRUS 700 #1 _aKozlova _gIrina Vasilievna 700 #1 _aSinotova _gMaria Viacheslavovna 700 #1 _aZemskova _gOlga Viktorovna 700 #1 _aBorisenkov _gNikita Sergeevich 700 #1 _aZalazaeva _gAlexandra Nikolaevna 856 4# _atsilicates.ru _u